Regions of Turkmenistan on a Map - Statistics

General Stats
  • This quiz has been taken 2,237 times
  • The average score is 3 of 5
Answers on the Map
Answers color-coded by a green-red scale on the quiz's map according to % correct below.
 
Answer Stats
Region % Correct
Mary
88%
Balkan
80%
Ahal
65%
Dashoguz
57%
Lebap
56%
No matching quizzes found
Score Distribution
Percent of People with Each Score
Percentile by Number Answered
Your Score History
You have not taken this quiz